Invincible Tracklist (Michael Jackson) - Statistics

General Stats
  • This quiz has been taken 35 times
  • The average score is 12 of 16
Answer Stats
Hint Answer % Correct
5 Heaven Can Wait
96%
3 Invincible
96%
9 2000 Watts
88%
7 Butterflies
88%
6 You Rock My World
88%
4 Break Of Dawn
80%
8 Speechless
80%
14 The Lost Children
76%
13 Cry
72%
2 Heartbreaker
72%
16 Threatened
72%
11 Privacy
68%
1 Unbreakable
68%
15 Whatever Happens
68%
10 You Are My Life
64%
12 Don't Walk Away
56%
No matching quizzes found
Score Distribution
Percent of People with Each Score
Percentile by Number Answered
Your Score History
You have not taken this quiz